Tougen Anki Personnages par Images - Statistiques

Statistiques générales
  • Ce quiz a été pris 18 fois
  • Le résultat moyen est 17 sur 31
Statistiques - réponses
Par images Réponse % Correct
Jin Kougasaki
100%
Kuina Sazanami
100%
Mikado Momodera
100%
Naito Mudano
100%
Shiki Ichinose
100%
Homare Byoubugaura
83%
Ikari Yaoroshi
83%
Mei
83%
Osuke Momokado
83%
Rokuro Kiriyama
83%
Shinya Momoiwa
83%
Kaoru Namikido
67%
Tsukuyomi Momoka
67%
Aguri / Ugly
50%
Juji Yusurube
50%
Kyoya Oiranzaka
50%
Masumi Yodogawa
50%
Tsubakiri Momomiya
50%
Hayate Momoido
33%
Manaka Momobe
33%
Muku
33%
Principal
33%
Ruru / Lulu
33%
Tsuyoshi Ichinose
33%
Hazuki Momoido
17%
Mary Aki
17%
Samidare Momoya
17%
Sumire Byoubugaura
17%
Yomigi Momokusa
17%
Asumi Momoido
0%
Hina Momota
0%
Aucun quiz correspondant
Distribution des résultats
% des personnes avec chaque résultat
Percentile par nombre de réponses
Votre historique - résultats
Vous n’avez pas pris ce quiz